000 00529nam a2200157 4500
999 _c14850
_d14850
008 200116b ||||| |||| 00| 0 eng d
022 _a2094-8042
082 _aDPer 370.105 M72 Jan-Dec 2012 V. 60-61
100 _941232
_aUreta, Ladylove L.
243 _aThe modern teacher
245 _a5 principles for the teacher of adults learners.
_cLadylove L. Ureta
260 _aPhilippines:
_bIn the Grade School, Inc.,
_c©2012.
300 _av61 n4, pages 133-135;
_b28 cm.
500 _aThe Modern Teacher.
942 _2ddc
_cPER